[Event "Treviso U2100 op"]
[Site "Treviso"]
[Date "2005.12.08"]
[Round "5.24"]
[White "Biserni, Federica"]
[Black "Chiesura, Luca"]
[Result "0-1"]
[WhiteElo "1401"]
[BlackElo "1476"]
[PlyCount "64"]
[EventDate "2005.12.03"]
[EventType "swiss"]
[EventRounds "5"]
[EventCountry "ITA"]
[SourceTitle "EXT 2024"]
[Source "ChessBase"]
[SourceDate "2023.10.10"]
[SourceVersion "1"]
[SourceVersionDate "2023.10.10"]
[SourceQuality "1"]

1. e4 c5 2. Nc3 e6 3. f4 a6 4. Nf3 Nc6 5. d3 d5 6. e5 Nge7 7. g3 b5 8. d4 cxd4 9. Nxd4 Nxd4 10. Qxd4 Nc6 11. Qf2 d4 12. Ne4 Bb7 13. Bg2 f5 14. Ng5 Qd7 15. Bd2 h6 16. Nf3 Bc5 17. 0-0-0 Qc7 18. h3 Qb6 19. Rhe1 0-0-0 20. g4 fxg4 21. hxg4 Rhf8 22. Nh4 d3 23. Be3 Bxe3+ 24. Qxe3 Qxe3+ 25. Rxe3 d2+ 26. Rxd2 Rxd2 27. Kxd2 Rxf4 28. Bxc6 Bxc6 29. Rc3 Kb7 30. Rg3 g5 31. Ng6 Rf2+ 32. Kd1 Be4 0-1

[Event "Pedavena op 1st"]
[Site "Pedavena"]
[Date "2005.08.05"]
[Round "4"]
[White "Basso, Piergiorgio"]
[Black "Chiesura, Luca"]
[Result "1-0"]
[WhiteElo "1712"]
[BlackElo "1470"]
[PlyCount "65"]
[EventDate "2005.08.03"]
[EventType "swiss"]
[EventRounds "6"]
[EventCountry "ITA"]
[SourceTitle "EXT 2007"]
[Source "ChessBase"]
[SourceDate "2006.11.23"]
[SourceVersion "1"]
[SourceVersionDate "2006.11.23"]
[SourceQuality "1"]

1. e4 e6 2. d4 d6 3. Bd3 Bd7 4. Ne2 Nf6 5. 0-0 Nc6 6. c3 Be7 7. Qc2 0-0 8. f4 h6 9. Ng3 Re8 10. Nd2 Bf8 11. e5 dxe5 12. fxe5 Nd5 13. Bh7+ Kh8 14. Rxf7 Re7 15. Rf2 g5 16. Bg6 Rg7 17. Nh5 Nf4 18. Nxg7 Kxg7 19. Bd3 Nb4 20. cxb4 Ba4 21. Qc4 b5 22. Qc3 a5 23. Bf1 Bxb4 24. Qf3 Qxd4 25. Qxa8 Bc5 26. Qf3 Bd1 27. Nb3 Qd8 28. Qg3 Nh5 29. Nxc5 Qd5 30. Nxe6+ Qxe6 31. Qc3 Bg4 32. Qxc7+ Kg8 33. Qd8+ 1-0